| 000 | 00611cab a2200241 4500 | ||
|---|---|---|---|
| 001 | A224 | ||
| 008 | 090401t1983 xxu||||| |||| 00| 0 eng d | ||
| 035 | _a(Sirsi) u27893 | ||
| 041 | _aeng | ||
| 100 | _aJones, I.J. | ||
| 245 | _aEquivalent yield analysis | ||
| 260 | _c1983 | ||
| 350 | _a0 | ||
| 490 |
_aJournal of Valuation _v1(3) 1983, 246-252(7) |
||
| 650 | _aEQUIVALENT YIELD ANALYSIS | ||
| 650 | _aEQUIVALENT YIELDS | ||
| 650 | _aINVESTMENT APPRAISAL | ||
| 650 | _aLEASEHOLD VALUATIONS | ||
| 650 | _aVALUATION METHODS | ||
| 690 | _aRATING AND VALUATION | ||
| 942 | _n0 | ||
| 948 | _c04/03/1997 | ||
| 999 |
_c18802 _d18802 |
||